000
00202 a2200097 4500
001
3209
100
_a
Roosevell, J
245
_a
Affectinately, F.W.R
260
_a
_b
G.G.Harrap
_c
090
_c
2489
_d
2489
942
_a
NUST-CAE
_c
M
_c
16546
999
_c
238282
_d
238282